Manažerský audit a rozvoj MSP

Pojem a metodika manažérskeho auditu. Popis metodiky, ktorá bola v roku 2006 overovaná na vzorke 7. malých a stredných podnikov sídliacich v Juhočeskom kraji.

Gespeichert in:
Bibliographische Detailangaben
1. Verfasser: Rolínek, Ladislav
Format: Buchkapitel
Sprache:Tschechisch
Schlagworte:
Tags: Tag hinzufügen
Keine Tags, Fügen Sie das erste Tag hinzu!

MARC

LEADER 00000naa$a2200000$$$4500
001 0065713
005 20240219102139.9
041 0 |a cze 
044 |a CZ 
245 1 0 |a Manažerský audit a rozvoj MSP  |c Ladislav Rolínek 
520 |a Pojem a metodika manažérskeho auditu. Popis metodiky, ktorá bola v roku 2006 overovaná na vzorke 7. malých a stredných podnikov sídliacich v Juhočeskom kraji. 
610 2 0 |a audit 
610 2 0 |a podnik malý 
610 2 0 |a podnik stredný 
610 2 0 |a Česko 
610 2 0 |a účtovníctvo manažérske 
100 1 |a Rolínek, Ladislav